Numerical recipes example book /
Saved in:
| Main Authors: | , , , |
|---|---|
| Format: | Book |
| Language: | English |
| Published: |
New York :
Cambridge University Press,
1992
|
| Edition: | 2.ed. |
| Subjects: | |
| Tags: |
No Tags, Be the first to tag this record!
|
MARC
| LEADER | 00000nam a22000003a 4500 | ||
|---|---|---|---|
| 001 | stu10140 | ||
| 005 | 20150617225804.1 | ||
| 008 | 971016s1992----xxu-----------------eng-d | ||
| 020 | |a 0-521-43720-2 | ||
| 040 | |a STU |b slo | ||
| 041 | 0 | |a eng | |
| 044 | |a xxu | ||
| 080 | |a 681.32.066 | ||
| 080 | |a 519.682 | ||
| 080 | |a 519.6 | ||
| 084 | |a C4100 |2 INS | ||
| 084 | |a C6140 |2 INS | ||
| 084 | |a C7310 |2 INS | ||
| 100 | 1 | |a Press, William H |4 aut | |
| 245 | 1 | |a Numerical recipes example book / |c [aut.] Vetterling,William T.; Aut. Teukolsky,Saul;Aut. Press,William H.;Aut. Flannery,Brian P | |
| 250 | |a 2.ed. | ||
| 260 | |a New York : |b Cambridge University Press, |c 1992 | ||
| 300 | |a 325 s : |b 2.diskety | ||
| 650 | 7 | |a programovacie jazyky |2 stusub | |
| 650 | 7 | |a C |2 stusub | |
| 650 | 7 | |a vedecké výpočty |2 stusub | |
| 650 | 7 | |a výpočtová technika |2 stusub | |
| 650 | 7 | |a numerická analýza |2 stusub | |
| 650 | 7 | |a programovanie |2 stusub | |
| 700 | 1 | |a Vetterling, William T. |4 aut | |
| 700 | 1 | |a Flannery, Brian P. |4 aut | |
| 700 | 1 | |a Teukolsky, Saul A. |4 aut | |
| 996 | |b E81350 |c E*81350 |l EE03 |s P |a 0 |w stu10140_0001 | ||